Coping strategies in dairy cows

Saved in:
Bibliographic Details
Main Author: Hopster, Hans
Format: Book
Language:Undetermined
Published: Lelystad 1998
Subjects:
Tags: Add Tag
No Tags, Be the first to tag this record!
Institutions: Trung tâm Học liệu Trường Đại học Cần Thơ
LEADER 00433nam a2200169Ia 4500
001 CTU_126174
008 210402s9999 xx 000 0 und d
082 |a 636.2 
082 |b H791 
100 |a Hopster, Hans 
245 0 |a Coping strategies in dairy cows 
245 0 |c Hans Hopster 
260 |a Lelystad 
260 |c 1998 
650 |a Dairy cows 
904 |i Nguyên 
980 |a Trung tâm Học liệu Trường Đại học Cần Thơ